UITU Library & LRC     

Implement Virtual ISP, Billing Software & Website (Record no. 31681)

MARC details
000 -LEADER
fixed length control field 00467nam a2200133Ia 4500
008 - FIXED-LENGTH DATA ELEMENTS--GENERAL INFORMATION
fixed length control field 260210s9999 xx 000 0 und d
024 ## - OTHER STANDARD IDENTIFIER
Standard number or code 99B-011-BS3, 99B-051-BS3 & 99B-007-BS3
082 ## - DEWEY DECIMAL CLASSIFICATION NUMBER
Classification number 004.69072 MOH
100 ## - MAIN ENTRY--PERSONAL NAME
Personal name Arif Yaqoob , Kamran Haider Wasti & Muhammad Ali Uddin
245 #0 - TITLE STATEMENT
Title Implement Virtual ISP, Billing Software & Website
260 ## - PUBLICATION, DISTRIBUTION, ETC.
Place of publication, distribution, etc. Karachi:
Name of publisher, distributor, etc. UITU,
Date of publication, distribution, etc. 1999
600 ## - SUBJECT ADDED ENTRY--PERSONAL NAME
Personal name Computer Science
650 ## - SUBJECT ADDED ENTRY--TOPICAL TERM
Topical term or geographic name entry element Bachelor of Computer Science (BS)

No items available.

Powered by Koha